Online
Catalog

Unamuno y América / (Record no. 4684)

MARC details
000 -CABECERA
campo de control de longitud fija 00829cam a2200217 a 4500
001 - NÚMERO DE CONTROL
campo de control 000004878
005 - FECHA Y HORA DE LA ÚLTIMA TRANSACCIÓN
campo de control 20200929151526.0
008 - DATOS DE LONGITUD FIJA--INFORMACIÓN GENERAL
campo de control de longitud fija 761007s1970 sp 001 0bspa
040 ## - FUENTE DE LA CATALOGACIÓN
Centro catalogador/agencia de origen DO-SdBNP
Centro/agencia transcriptor KU
Centro/agencia modificador OCoLC
-- PrRU
-- DLC
082 ## - NÚMERO DE LA CLASIFICACIÓN DECIMAL DEWEY
Número de clasificación 860.4
Número de documento/Ítem U54C, 1970
100 1# - ENTRADA PRINCIPAL--NOMBRE DE PERSONA
Nombre de persona Chaves, Julio César.
9 (RLIN) 14117
245 10 - MENCIÓN DE TÍTULO
Título Unamuno y América /
Mención de responsabilidad, etc. Julio César Chaves; prólogo de Joaquín Ruiz Giménez.
250 ## - MENCIÓN DE EDICIÓN
Mención de edición 2a ed.
260 ## - PUBLICACIÓN, DISTRIBUCIÓN, ETC.
Lugar de publicación, distribución, etc. Madrid :
Nombre del editor, distribuidor, etc. Ediciones Cultura Hispánica,
Fecha de publicación, distribución, etc. 1970.
300 ## - DESCRIPCIÓN FÍSICA
Extensión xxiv, 425 p. ;
Dimensiones 22 cm.
650 #4 - PUNTO DE ACCESO ADICIONAL DE MATERIA--TÉRMINO DE MATERIA
Término de materia o nombre geográfico como elemento de entrada Literatura latinoamericana
Subdivisión general Ensayos, conferencias, etc.
9 (RLIN) 14118
650 #4 - PUNTO DE ACCESO ADICIONAL DE MATERIA--TÉRMINO DE MATERIA
Término de materia o nombre geográfico como elemento de entrada Literatura latinoamericana
Subdivisión general Historia y crítica
9 (RLIN) 5706
600 14 - PUNTO DE ACCESO ADICIONAL DE MATERIA--NOMBRE DE PERSONA
Nombre de persona UNAMUNO, MIGUEL DE,
Fechas asociadas al nombre 1864-1936
Subdivisión general CRÍTICA E INTERPRETACIÓN
9 (RLIN) 14119
700 1# - PUNTO DE ACCESO ADICIONAL--NOMBRE DE PERSONA
Nombre de persona Ruiz Giménez, Joaquín,
Término indicativo de función/relación prol.
9 (RLIN) 14120
910 ## - DATOS DE OPCIÓN DEL USUARIO (OCLC)
Datos de opción del usuario Catalogación por copia
Holdings
Estado de retiro Estado de pérdida Restricciones de uso No para préstamo Código de colección Localización permanente Ubicación/localización actual Ubicación en estantería Fecha de adquisición Número de inventario Total de préstamos Signatura topográfica completa Código de barras Fecha visto por última vez Precio válido a partir de Tipo de ítem Koha
    Préstamo interno   Monografías: Libros y Folletos General General En catalogación 27.07.2009 LF1   860.4 U54C, 1970 4878-10 25.06.2020 25.06.2020 Préstamo interno

Powered by Koha